Encyclopaedia of indian mythology / (Record no. 64525)
[ view plain ]
| 000 -LEADER | |
|---|---|
| fixed length control field | 00605nam a22001577a 4500 |
| 005 - DATE AND TIME OF LATEST TRANSACTION | |
| control field | 20120329153437.0 |
| 020 ## - INTERNATIONAL STANDARD BOOK NUMBER | |
| International Standard Book Number | 8188621005 |
| Terms of availability | 1100.00 |
| 035 ## - SYSTEM CONTROL NUMBER | |
| System control number | B-98333 |
| 037 ## - SOURCE OF ACQUISITION | |
| Stock number | DPL |
| Source of stock number/acquisition | ENG |
| 100 ## - MAIN ENTRY--PERSONAL NAME | |
| Personal name | Shukla, Vidyavachaspati Amarnath |
| 245 ## - TITLE STATEMENT | |
| Title | Encyclopaedia of indian mythology / |
| Statement of responsibility, etc | by Vidyavachaspati Amarnath Shukla |
| 260 ## - PUBLICATION, DISTRIBUTION, ETC. (IMPRINT) | |
| Place of publication, distribution, etc | New Delhi |
| Name of publisher, distributor, etc | Shubhkamna Publishers (P) Ltd. |
| Date of publication, distribution, etc | 2002 |
| 300 ## - PHYSICAL DESCRIPTION | |
| Extent | xxiii, 767p. |
| Dimensions | 20 cms. |
| 942 ## - ADDED ENTRY ELEMENTS (KOHA) | |
| Source of classification or shelving scheme | Dewey Decimal Classification |
| Item type | English Books |
| Classification part | 231.03 |
| Call number suffix | ENC |
| Withdrawn status | Lost status | Not for loan | Collection code | Home library | Current library | Date acquired | Cost, normal purchase price | Full call number | Barcode | Cost, replacement price | Koha item type | Public note |
|---|---|---|---|---|---|---|---|---|---|---|---|---|
| Non-fiction | Sarojini Nagar | Sarojini Nagar | 29/03/2012 | 1100.00 | 231.03 ENC | B-98333 | 1100.00 | English Books | Withdrawn List Prepared L.No.110/18 |
